Word Ladder: Dances Quiz Stats

Quiz Updated Mar 10, 2015

Challenge
Share
Tweet
Embed
Score 0/23 Timer 03:00
0 Plays Today
Clue 4-Letter Word % Correct
Breathing organ for a fishGILL
95.8%
Go to the storeSHOP
95.2%
Basin in the kitchenSINK
95.2%
The ledge by a windowSILL
95%
Term to address a kingSIRE
94.5%
Like a fired gunSHOT
93.9%
Fiber from a wormSILK
93.6%
A trig functionSINE
92.7%
AchySORE
92.7%
A slow leakDRIP
92.5%
Cut short, like a photoCROP
92.3%
Hold tightlyGRIP
92.2%
Clue 4-Letter Word % Correct
Put into alphabetical orderSORT
92.1%
____ and properPRIM
92.1%
A cut of meatCHOP
92%
Fire remnantSOOT
90.5%
Release a new song or albumDROP
89.7%
• A formal dance •• PROM •
89%
Scary or direGRIM
88%
• A formal dance •• BALL •
86.1%
A type of bladderGALL
83.7%
___ monster: SW US lizardGILA
81.7%
• A formal dance •• GALA •
79.4%

Today's Daily Dose

You're not logged in!

Compare scores with friends on all Sporcle quizzes.
Join for Free
OR
Log In

You Might Also Like...

Show Comments

Extras

Top Quizzes Today


Score Distribution

Your Account Isn't Verified!

In order to create a playlist on Sporcle, you need to verify the email address you used during registration. Go to your Sporcle Settings to finish the process.

Report this User

Report this user for behavior that violates our Community Guidelines.

Details: